| 000 | 00510cam a2200181 a 4500 | ||
|---|---|---|---|
| 020 | _a0395735319 | ||
| 040 | _cDLC | ||
| 082 | 0 | 0 | _a306 HOU 1996 A064 Or. |
| 100 | 1 | _aRoiphe, Anne Richardson, | |
| 245 | 1 | 0 |
_aFruitful : _ba real mother in the modern world / |
| 260 |
_aBoston : _bHoughton Mifflin, _c1996. |
||
| 300 |
_axi, 260 p. ; _c22 cm. |
||
| 650 | 0 | _aMotherhood. | |
| 650 | 0 | _aFeminism. | |
| 650 | 0 | _aFamilies. | |
| 856 | 4 | 2 | _uhttp://www.loc.gov/catdir/enhancements/fy0728/96017459-d.html |
| 942 | _cEK | ||
| 999 |
_c13927 _d13927 |
||